000 00738nmm a2200253 a 4500
003 AR-BaBNM
005 20251128204249.0
008 257019s1943 ||||||||||||||000 | spa||
040 _cAR-BaBNM
100 1 _aRomero del Prado, Victor N.
245 1 0 _aTratado de derecho internacional privado
_n2
260 _aCórdoba
_bImprenta de la Universidad de Córdoba
_c1943
300 0 _a577 p.
500 0 _aIndice de autores de obras consultadas p. 569-571
500 0 _aIndice general p. 573-577
650 4 _aDERECHO INTERNACIONAL PRIVADO
650 4 _aHISTORIA DEL DERECHO
650 4 _aLEGISLACION
650 4 _aJURISPRUDENCIA
650 4 _aCODIGO CIVIL
650 4 _aLEGISLACION ARGENTINA
942 _cBK
998 _cAndrea
999 _c6771
_d6771